| 000 | 00624nam a2200229Ia 4500 | ||
|---|---|---|---|
| 003 | OSt | ||
| 005 | 20230418112851.0 | ||
| 008 | 210423s2008 xx 000 0 und d | ||
| 020 | _a9780199216543 | ||
| 040 | _cAL | ||
| 041 | _aeng | ||
| 082 | _a306.42 EMEN | ||
| 100 |
_aEMERY (Nathan);others,Ed _989883 |
||
| 245 | _aSocial intelligence: from brain to culture | ||
| 260 |
_aOxford _bOxford University Press _c2008 |
||
| 300 |
_axiv,445 _bPB |
||
| 365 |
_b3307 _cINR |
||
| 650 |
_aPolitical Sociology _989884 |
||
| 650 |
_aSociology _989885 |
||
| 906 | _abrain ; culture ; intelligence: ; Social | ||
| 942 |
_2ddc _cBK |
||
| 999 |
_c160032 _d160032 |
||